Dirección Específica de Catastro Municipal de la Alcaldía de Managua.
Este informe detalla las distintas actividades y tareas a realizadas durante el periodo de prácticas profesional, ayudando al desarrollo eficiente de las evaluaciones catastrales, indemnizaciones para el desarrollo urbanístico y alimentando la base de datos de las zonas de valor mercado inmobiliar...
| Main Author: | |
|---|---|
| Other Authors: | |
| Format: | Tesis Section = Libro |
| Language: | Undetermined Spanish |
| Published: |
Managua
UNI
2017
|
| Subjects: |
| LEADER | 01133nam a2200253Ia 4500 | ||
|---|---|---|---|
| 008 | 240830s9999 xx 000 0 und d | ||
| 040 | |a BIBLIOTECA-RUSB/ Mon 333.332 G146 | ||
| 041 | |a spa | ||
| 082 | |a Mon 333.332 G146 | ||
| 100 | 1 | |a Galán Gaitán, Hazel Ivonne | |
| 245 | 1 | 0 | |a Dirección Específica de Catastro Municipal de la Alcaldía de Managua. |
| 260 | |a Managua |b UNI |c 2017 | ||
| 300 | |a 127 p. :il. | ||
| 500 | |a Práctica Profesional Supervisada e incluye CD. | ||
| 502 | |a Tesis (Arquitecto) - UNI, 2017. | ||
| 520 | 3 | |a Este informe detalla las distintas actividades y tareas a realizadas durante el periodo de prácticas profesional, ayudando al desarrollo eficiente de las evaluaciones catastrales, indemnizaciones para el desarrollo urbanístico y alimentando la base de datos de las zonas de valor mercado inmobiliario en el municipio de Managua. | |
| 650 | 7 | |a CATASTRO MUNICIPAL-MANAGUA | |
| 650 | 7 | |b VALORACION DE BIENES Y RAICES | |
| 650 | 7 | |c CONSTRUCCION | |
| 650 | 7 | |d MERCADO INMOBILIARIO | |
| 700 | 1 | |a Tutor: |b Guevara Chamorro, Cristian Alejandro | |
| 942 | |c BK |2 ddc | ||
| 991 | |a TESIS | ||
| 999 | |c 19890 | ||